| Tag |
First Indicator |
Second Indicator |
Subfields |
| LEADER |
00000cam a2200000 4500 |
| 001 |
in00000017653 |
| 005 |
20151007053453.0 |
| 008 |
730813r1971 miu b 00010 eng |
| 010 |
|
|
|a 70183559
|
| 020 |
|
|
|a 0801099005
|
| 035 |
|
|
|a (OCoLC)00592413
|
| 035 |
|
|
|9 AAB1767AM
|
| 040 |
|
|
|a DLC
|c DLC
|d m.c.
|d m/c
|d TXA
|d UtOrBLW
|
| 049 |
|
|
|a TXAM
|c [A11048246]
|
| 050 |
0 |
0 |
|a BS1192.5
|b .Y65 1971
|
| 050 |
|
4 |
|a BS1192.5
|b .Y65 1987
|
| 082 |
0 |
|
|a 221.6/6
|
| 100 |
1 |
|
|a Youngblood, Ronald F.
|q (Ronald Fred),
|d 1931-2014.
|
| 245 |
1 |
4 |
|a The heart of the Old Testament /
|c Ronald Youngblood.
|
| 264 |
|
1 |
|a Grand Rapids, Mich. :
|b Baker Book House,
|c [1971]
|
| 264 |
|
3 |
|c 1987 printing
|
| 264 |
|
4 |
|c ©1971
|
| 300 |
|
|
|a 108 pages ;
|c 20 cm.
|
| 336 |
|
|
|a text
|b txt
|2 rdacontent
|
| 337 |
|
|
|a unmediated
|b n
|2 rdamedia
|
| 338 |
|
|
|a volume
|b nc
|2 rdacarrier
|
| 500 |
|
|
|a "Originally published as: Great themes of the Old Testament."
|
| 504 |
|
|
|a Bibliography: pages 107-108.
|
| 630 |
0 |
0 |
|a Bible. O.T.
|x Theology.
|
| 999 |
|
|
|a MARS
|
| 999 |
f |
f |
|s 63331710-fca2-35d0-a1ef-0354500ce1f4
|i cc61166d-f8ac-30ba-b03f-e4a58a7c516d
|t 0
|
| 952 |
f |
f |
|p ric
|a Texas A&M University
|b Rellis Campus
|c Joint Library Facility
|d Remote Storage
|t 0
|e BS1192.5 .Y65 1987
|h Library of Congress classification
|i unmediated -- volume
|m A14811048246
|
| 998 |
f |
f |
|a BS1192.5 .Y65 1987
|t 0
|l Remote Storage
|